Di sebalik simbol kenegaraan / (Record no. 4237)

000 -LEADER
fixed length control field 01622nam a2200397 a 4500
003 - CONTROL NUMBER IDENTIFIER
control field AKMAL
005 - DATE AND TIME OF LATEST TRANSACTION
control field 20170525155713.0
008 - FIXED-LENGTH DATA ELEMENTS--GENERAL INFORMATION
fixed length control field 170525s2006 my a j | 000 0 may d
020 ## - INTERNATIONAL STANDARD BOOK NUMBER
International Standard Book Number 9679489043 (set) :
Terms of availability RM480.00
020 ## - INTERNATIONAL STANDARD BOOK NUMBER
International Standard Book Number 9679489124 (kkrs.) :
Terms of availability RM60.00
040 ## - CATALOGING SOURCE
Original cataloging agency AKMAL
082 04 - DEWEY DECIMAL CLASSIFICATION NUMBER
Classification number 929.09595 MOH
Edition number 22
090 00 - LOCALLY ASSIGNED LC-TYPE CALL NUMBER (OCLC); LOCAL CALL NUMBER (RLIN)
Classification number (OCLC) (R) ; Classification number, CALL (RLIN) (NR) 929.09595
Local cutter number (OCLC) ; Book number/undivided call number, CALL (RLIN) MOH
100 0# - MAIN ENTRY--PERSONAL NAME
Personal name Mohd. Zahari Ishak
9 (RLIN) 518
245 10 - TITLE STATEMENT
Title Di sebalik simbol kenegaraan /
Statement of responsibility, etc. Mohd. Zahari Ishak
260 ## - PUBLICATION, DISTRIBUTION, ETC.
Place of publication, distribution, etc. Melaka :
Name of publisher, distributor, etc. Associated Educational Distributors (M),
Date of publication, distribution, etc. 2006
300 ## - PHYSICAL DESCRIPTION
Extent 44ms. :
Other physical details il. wrn. ;
Dimensions 29cm.
500 ## - GENERAL NOTE
General note Mengandungi soalan
599 ## - LOCAL NOTE
Local Note DALAM PROSES
650 10 - SUBJECT ADDED ENTRY--TOPICAL TERM
Topical term or geographic name entry element Malay language
Form subdivision Readers
9 (RLIN) 4686
942 ## - ADDED ENTRY ELEMENTS (KOHA)
Source of classification or shelving scheme
Koha item type Book
Holdings
Withdrawn status Lost status Source of classification or shelving scheme Damaged status Not for loan Collection code Home library Current library Shelving location Date acquired Inventory number Total Checkouts Full call number Barcode Date last seen Price effective from Koha item type
          NON-FICTION AKMAL Melaka AKMAL Melaka PINJAMAN 25.05.2017 900494   929.09595 MOH 201705513 25.05.2017 25.05.2017 Book
Pusat Sumber Maklumat Dato' Haji Sarmin Md Hussin, Akademi Kastam Diraja Malaysia, Melaka
Tel: 06-2331106 | Faks: 06-2313787